FIFA-Weltrangliste Top 100 - Statistiken

Allgemein
  • Dieses Quiz wurde 307 mal gespielt
  • Das Durchschnittsergebnis liegt bei 77 aus 100
Antwortstatistiken
Platzierung Punkte Antwort % Korrekt
1 1877.18 Spanien
99%
2 1873.33 Argentinien
98%
8 1730.71 Belgien
98%
9 1724.15 Deutschland
98%
3 1870 Frankreich
98%
5 1760.46 Brasilien
97%
4 1834.12 England
96%
7 1756.27 Niederlande
96%
6 1760.38 Portugal
96%
12 1702.06 Italien
95%
43 1487.13 Schweden
95%
14 1681.88 Vereinigte Staaten
95%
27 1559.15 Kanada
94%
11 1713.12 Marokko
94%
15 1675.75 Mexiko
94%
29 1553.14 Norwegen
94%
24 1585.51 Österreich
93%
13 1701.3 Kolumbien
92%
10 1716.88 Kroatien
92%
31 1532.04 Polen
92%
17 1654.69 Schweiz
92%
25 1582.69 Türkei
92%
26 1574.01 Australien
91%
18 1650.12 Japan
91%
33 1524.52 Russland
91%
21 1616.75 Dänemark
90%
22 1599.45 Südkorea
89%
93 1249.06 China
88%
75 1341.81 Finnland
88%
45 1485.65 Slowakei
88%
34 1520.68 Ägypten
87%
53 1457.84 Chile
87%
46 1480.38 Griechenland
87%
37 1506.34 Serbien
87%
28 1557.47 Ukraine
87%
16 1672.62 Uruguay
87%
59 1436.04 Irland
86%
55 1447.31 Slowenien
86%
35 1516.37 Algerien
85%
86 1279.25 Neuseeland
85%
36 1506.77 Schottland
85%
41 1496.29 Ungarn
85%
61 1426.73 Südafrika
84%
20 1617.02 Iran
83%
47 1465.78 Rumänien
83%
44 1487 Tschechien
83%
32 1529.71 Wales
83%
58 1438.92 Irak
82%
60 1428.74 Saudi-Arabien
82%
88 1272.19 Bulgarien
81%
74 1344.72 Island
81%
19 1648.07 Senegal
81%
63 1401.07 Albanien
80%
71 1362.37 Bosnien und Herzegowina
80%
23 1591.73 Ecuador
80%
72 1351.09 Ghana
80%
38 1502.46 Nigeria
80%
52 1459.57 Peru
80%
42 1489.59 Elfenbeinküste
79%
57 1440.43 Kamerun
79%
40 1497.13 Tunesien
79%
48 1465.22 Venezuela
79%
76 1329.56 Bolivien
78%
39 1501.5 Paraguay
78%
77 1328.14 Israel
77%
51 1461.6 Katar
77%
30 1540.43 Panama
76%
49 1464.24 Costa Rica
75%
80 1308.84 Kosovo
75%
69 1366.02 Nordirland
75%
64 1379.54 Honduras
74%
56 1442.5 Demokratische Republik Kongo
72%
65 1378.57 Nordmazedonien
72%
73 1347.88 Georgien
70%
70 1362.46 Jamaika
68%
99 1227.09 Belarus
66%
79 1312.45 Oman
66%
83 1297.09 Montenegro
65%
84 1294.49 Haiti
63%
100 1226.65 El Salvador
62%
87 1287.1 Syrien
62%
50 1462.03 Usbekistan
62%
95 1243.27 Thailand
60%
66 1377.66 Jordanien
59%
54 1455.03 Mali
59%
67 1369.71 Vereinigte Arabische Emirate
59%
94 1245.77 Guatemala
55%
81 1307.05 Guinea
54%
68 1367.95 Kap Verde
53%
89 1271.54 Angola
51%
82 1302.7 Curaçao
51%
78 1321.25 Gabun
50%
98 1227.32 Trinidad und Tobago
45%
92 1255.72 Benin
43%
85 1288.01 Uganda
43%
62 1404.81 Burkina Faso
42%
90 1260.06 Sambia
42%
91 1258.68 Bahrain
40%
97 1229.09 Äquatorialguinea
23%
96 1230.55 Palästina
21%
Keine übereinstimmenden Quizze gefunden
Verteilung der Resultate
Anzahl Personen mit jedem Resultat
Perzentil nach korrekt beantworteten Fragen
Ihre Resultats-Entwicklung
Sie haben dieses Quiz noch nicht gespielt